FC Barcelona Femení UWCL Final 2025 starting XI - Statistics

General Stats
  • This quiz has been taken 42 times
  • The average score is 9 of 11
Answer Stats
Player % Correct
Alexia Putellas
100%
Aitana Bonmati
97%
Mapi Leon
97%
Cata Coll
91%
Claudia Pina
89%
Ona Batlle
86%
Caroline Graham Hansen
80%
Patri Guijarro
80%
Ewa Pajor
77%
Irina Paredes
74%
Frida Lina Rolfo
57%
No matching quizzes found
Score Distribution
Percent of People with Each Score
Percentile by Number Answered
Your Score History
You have not taken this quiz